[Event "European Youth Chess Championship B12"]
[Site "Prague, Top Hotel Prague"]
[Date "2012.08.18"]
[Round "2.1"]
[White "Porta Tovar, Guillem"]
[Black "Sarana, Alexey"]
[Result "0-1"]
[PlyCount "0"]
[BlackElo "2106"]
[WhiteElo "1865"]

1. e4 {[%clk 1:30:47]} c5 {[%clk 1:30:53]} 2. Nf3 {[%clk 1:30:20]} d6
{[%clk 1:31:12]} 3. d4 {[%clk 1:30:31]} cxd4 {[%clk 1:31:33]} 4. Nxd4 Nf6
{[%clk 1:31:50]} 5. Nc3 {[%clk 1:30:54]} a6 {[%clk 1:32:10]} 6. f3
{[%clk 1:30:23]} e5 {[%clk 1:28:58]} 7. Nb3 {[%clk 1:30:33]} Be6 {[%clk 1:28:13]}
8. Be3 {[%clk 1:26:25]} Be7 {[%clk 1:24:58]} 9. Qd2 {[%clk 1:24:32]} Nbd7
{[%clk 1:24:52]} 10. O-O-O {[%clk 1:23:55]} b5 {[%clk 1:24:35]} 11. g4
{[%clk 1:23:17]} b4 {[%clk 1:24:14]} 12. Nd5 {[%clk 1:21:37]} Bxd5
{[%clk 1:23:25]} 13. exd5 {[%clk 1:20:51]} Nb6 {[%clk 1:22:47]} 14. Qxb4
{[%clk 1:15:44]} Nfxd5 {[%clk 1:21:51]} 15. Bxb6 {[%clk 1:13:54]} Nxb6
{[%clk 1:21:21]} 16. Qe4 {[%clk 1:09:16]} O-O {[%clk 1:13:03]} 17. Kb1
{[%clk 1:05:40]} Qc7 {[%clk 1:07:59]} 18. f4 {[%clk 1:03:42]} Rfc8
{[%clk 1:02:42]} 19. Bd3 {[%clk 1:02:47]} g6 {[%clk 1:02:34]} 20. fxe5
{[%clk 1:00:35]} dxe5 {[%clk 1:02:41]} 21. h4 {[%clk 0:57:52]} a5
{[%clk 0:58:49]} 22. h5 {[%clk 0:56:49]} a4 {[%clk 0:57:05]} 23. hxg6
{[%clk 0:52:55]} hxg6 {[%clk 0:57:01]} 24. Nd2 {[%clk 0:28:07]} a3
{[%clk 0:47:18]} 25. Rdf1 {[%clk 0:27:42]} Bf8 {[%clk 0:44:49]} 26. Nf3
{[%clk 0:19:32]} axb2 {[%clk 0:26:42]} 27. Nxe5 Na4 {[%clk 0:26:11]} 28. Qc4
{[%clk 0:11:20]} Nc3+ {[%clk 0:22:31]} 29. Kxb2 {[%clk 0:11:34]} Qb8+
{[%clk 0:22:34]} 30. Qb3 {[%clk 0:10:44]} Rxa2+ {[%clk 0:22:58]} 31. Kc1
{[%clk 0:11:08]} Qxb3 {[%clk 0:23:25]} 32. cxb3 {[%clk 0:11:13]} Ba3#
{[%clk 0:22:23]} 0-1

[Event "European Youth Chess Championship B12"]
[Site "Prague, Top Hotel Prague"]
[Date "2012.08.18"]
[Round "2.2"]
[White "Pechac, Jergus"]
[Black "Akhvlediani, Irakli"]
[Result "1-0"]
[PlyCount "0"]
[BlackElo "1845"]
[WhiteElo "2081"]

1. e4 {[%clk 1:30:55]} d5 {[%clk 1:30:59]} 2. exd5 {[%clk 1:30:40]} Qxd5
{[%clk 1:31:23]} 3. Nc3 {[%clk 1:30:58]} Qd8 {[%clk 1:31:45]} 4. d4
{[%clk 1:29:26]} Nf6 {[%clk 1:32:10]} 5. Bd3 {[%clk 1:29:27]} a6 {[%clk 1:31:06]}
6. Nge2 {[%clk 1:29:45]} Nc6 {[%clk 1:31:14]} 7. h3 {[%clk 1:29:00]} g6
{[%clk 1:31:01]} 8. Ne4 {[%clk 1:17:22]} Bg7 {[%clk 1:30:22]} 9. c3
{[%clk 1:15:44]} O-O {[%clk 1:30:31]} 10. O-O {[%clk 1:13:13]} b6
{[%clk 1:16:36]} 11. Nxf6+ {[%clk 0:58:07]} exf6 {[%clk 1:16:39]} 12. Bf4
{[%clk 0:56:52]} f5 {[%clk 1:15:41]} 13. Qd2 {[%clk 0:56:25]} Re8
{[%clk 1:10:24]} 14. Bg5 {[%clk 0:49:29]} Qd7 {[%clk 1:09:07]} 15. Bh6
{[%clk 0:49:11]} Bb7 {[%clk 1:04:09]} 16. Bxg7 {[%clk 0:48:13]} Kxg7
{[%clk 1:04:35]} 17. Qg5 {[%clk 0:46:50]} h6 {[%clk 1:03:21]} 18. Qg3
{[%clk 0:47:02]} Ne7 {[%clk 1:01:44]} 19. Rad1 {[%clk 0:43:14]} Nd5
{[%clk 1:01:07]} 20. a3 {[%clk 0:41:36]} Nf6 {[%clk 1:00:13]} 21. c4
{[%clk 0:36:57]} Ne4 {[%clk 0:53:57]} 22. Bxe4 {[%clk 0:37:02]} fxe4
{[%clk 0:47:06]} 23. d5 {[%clk 0:35:02]} Qd6 {[%clk 0:44:59]} 24. Nf4
{[%clk 0:29:21]} Re5 {[%clk 0:42:41]} 25. Qc3 {[%clk 0:21:02]} Rae8
{[%clk 0:39:19]} 26. Nd3 {[%clk 0:19:13]} f6 {[%clk 0:20:32]} 27. Nxe5
{[%clk 0:19:36]} Rxe5 {[%clk 0:20:57]} 28. Rfe1 {[%clk 0:18:07]} Kf7
{[%clk 0:16:07]} 29. b4 {[%clk 0:17:47]} Qe7 {[%clk 0:14:28]} 30. Qd4
{[%clk 0:17:17]} Qd6 {[%clk 0:13:59]} 31. Rxe4 {[%clk 0:16:32]} Bc8
{[%clk 0:02:19]} 32. Rxe5 {[%clk 0:16:31]} fxe5 {[%clk 0:02:46]} 33. Qe3
{[%clk 0:16:53]} g5 {[%clk 0:02:31]} 34. Re1 {[%clk 0:17:14]} Kf6
{[%clk 0:02:34]} 35. Qf3+ {[%clk 0:17:35]} Kg6 {[%clk 0:02:34]} 36. Qe4+
{[%clk 0:17:54]} Kf6 {[%clk 0:02:57]} 37. Qh7 {[%clk 0:18:13]} 1-0

[Event "European Youth Chess Championship B12"]
[Site "Prague, Top Hotel Prague"]
[Date "2012.08.18"]
[Round "2.3"]
[White "Brejnik, Gustav"]
[Black "Gazik, Viktor"]
[Result "0-1"]
[PlyCount "0"]
[BlackElo "2073"]
[WhiteElo "1846"]

1. d4 {[%clk 1:30:57]} Nf6 {[%clk 1:30:56]} 2. c4 {[%clk 1:31:22]} g6
{[%clk 1:31:19]} 3. Nc3 {[%clk 1:31:45]} Bg7 {[%clk 1:31:44]} 4. e4
{[%clk 1:32:09]} d6 {[%clk 1:32:06]} 5. Nf3 {[%clk 1:32:32]} O-O {[%clk 1:32:30]}
6. Be2 {[%clk 1:32:56]} e5 {[%clk 1:32:55]} 7. Be3 {[%clk 1:33:20]} exd4
{[%clk 1:32:13]} 8. Nxd4 {[%clk 1:33:23]} Nc6 {[%clk 1:32:18]} 9. Qd2
{[%clk 1:31:27]} Re8 {[%clk 1:32:37]} 10. f3 {[%clk 1:26:46]} Nh5
{[%clk 1:25:00]} 11. Nd5 {[%clk 1:06:14]} Nxd4 {[%clk 1:16:46]} 12. Bxd4
{[%clk 1:06:29]} Bxd4 {[%clk 1:17:03]} 13. Qxd4 {[%clk 1:06:53]} c6
{[%clk 1:17:28]} 14. Nc3 {[%clk 0:59:11]} Qg5 {[%clk 1:14:04]} 15. g3
{[%clk 0:54:55]} Bh3 {[%clk 0:52:44]} 16. Qf2 {[%clk 0:44:12]} Qh6
{[%clk 0:41:32]} 17. f4 {[%clk 0:41:39]} Nf6 {[%clk 0:40:27]} 18. Bf3
{[%clk 0:37:07]} Bf5 {[%clk 0:40:11]} 19. Qd4 {[%clk 0:36:42]} Nxe4
{[%clk 0:27:48]} 20. Nxe4 {[%clk 0:29:17]} Bxe4 {[%clk 0:27:15]} 21. Bxe4
{[%clk 0:29:40]} f5 {[%clk 0:27:40]} 22. O-O-O {[%clk 0:29:23]} Rxe4
{[%clk 0:27:25]} 23. Qc3 {[%clk 0:28:50]} Qf8 {[%clk 0:27:26]} 24. Qb3
{[%clk 0:26:14]} b6 {[%clk 0:24:23]} 25. c5+ {[%clk 0:26:01]} d5 {[%clk 0:24:52]}
26. cxb6 {[%clk 0:24:45]} axb6 {[%clk 0:25:10]} 27. Kb1 {[%clk 0:17:38]} b5
{[%clk 0:24:43]} 28. Rc1 {[%clk 0:16:36]} Qd6 {[%clk 0:24:17]} 29. h4
{[%clk 0:12:55]} h5 {[%clk 0:24:34]} 30. Qc3 {[%clk 0:13:02]} Rc8
{[%clk 0:24:42]} 31. Rhe1 {[%clk 0:11:50]} b4 {[%clk 0:24:52]} 32. Qd3
{[%clk 0:11:43]} Qe6 {[%clk 0:22:59]} 33. Qd2 {[%clk 0:10:56]} c5
{[%clk 0:20:30]} 34. Red1 {[%clk 0:08:17]} d4 {[%clk 0:20:41]} 35. Qc2
{[%clk 0:07:50]} Qd5 {[%clk 0:17:16]} 36. Qa4 {[%clk 0:07:13]} Ra8
{[%clk 0:17:31]} 37. Qb3 {[%clk 0:07:34]} Qxb3 {[%clk 0:17:46]} 38. axb3
{[%clk 0:07:59]} Rc8 {[%clk 0:18:05]} 39. Rc4 {[%clk 0:08:23]} Kf7
{[%clk 0:17:58]} 40. Rdc1 {[%clk 0:38:13]} d3 {[%clk 0:48:09]} 41. Rxc5
{[%clk 0:38:32]} Rxc5 {[%clk 0:47:59]} 42. Rxc5 {[%clk 0:38:56]} Re1+
{[%clk 0:48:24]} 43. Ka2 {[%clk 0:39:11]} d2 {[%clk 0:48:49]} 44. Rc7+
{[%clk 0:39:35]} Re7 {[%clk 0:48:37]} 45. Rxe7+ {[%clk 0:39:53]} Kxe7
{[%clk 0:49:03]} 46. g4 {[%clk 0:40:15]} d1=Q {[%clk 0:49:26]} 47. g5
{[%clk 0:40:40]} Qd4 {[%clk 0:49:46]} 0-1

[Event "European Youth Chess Championship B12"]
[Site "Prague, Top Hotel Prague"]
[Date "2012.08.18"]
[Round "2.4"]
[White "Haring, Viktor"]
[Black "Muha, Miljenko"]
[Result "1-0"]
[PlyCount "0"]
[BlackElo "1840"]
[WhiteElo "2049"]

1. e4 {[%clk 1:30:55]} e6 {[%clk 1:30:57]} 2. d4 {[%clk 1:31:18]} d5
{[%clk 1:31:24]} 3. Nd2 {[%clk 1:31:37]} c5 {[%clk 1:31:51]} 4. exd5
{[%clk 1:31:52]} exd5 {[%clk 1:32:18]} 5. Ngf3 {[%clk 1:32:00]} Nf6
{[%clk 1:32:39]} 6. Bb5+ {[%clk 1:32:06]} Bd7 {[%clk 1:33:03]} 7. Qe2+
{[%clk 1:32:08]} Be7 {[%clk 1:33:26]} 8. dxc5 {[%clk 1:32:08]} O-O
{[%clk 1:33:45]} 9. Nb3 {[%clk 1:32:09]} Re8 {[%clk 1:34:05]} 10. Be3
{[%clk 1:31:52]} a6 {[%clk 1:34:23]} 11. Bd3 {[%clk 1:31:07]} Ba4
{[%clk 1:34:41]} 12. Nfd4 {[%clk 1:18:03]} Nbd7 {[%clk 1:32:35]} 13. O-O
{[%clk 1:04:52]} Nxc5 {[%clk 1:30:31]} 14. Nxc5 {[%clk 1:02:55]} Bxc5
{[%clk 1:30:48]} 15. Qf3 {[%clk 0:49:08]} Ne4 {[%clk 1:28:19]} 16. c3
{[%clk 0:43:05]} Bxd4 {[%clk 0:51:39]} 17. Bxd4 {[%clk 0:42:49]} Qg5
{[%clk 0:48:21]} 18. Rfe1 {[%clk 0:39:34]} f5 {[%clk 0:35:31]} 19. Qh3
{[%clk 0:34:16]} Bd7 {[%clk 0:15:53]} 20. f3 {[%clk 0:23:38]} Rad8
{[%clk 0:12:17]} 21. g3 {[%clk 0:14:20]} Qd2 {[%clk 0:09:53]} 22. Qf1
{[%clk 0:13:29]} Nd6 {[%clk 0:08:13]} 23. Be5 {[%clk 0:09:04]} Nf7
{[%clk 0:06:35]} 24. Bd4 {[%clk 0:06:05]} b5 {[%clk 0:05:40]} 25. Re2
{[%clk 0:05:16]} Rxe2 {[%clk 0:06:02]} 26. Qxe2 {[%clk 0:05:41]} Qxe2
{[%clk 0:06:08]} 27. Bxe2 {[%clk 0:06:10]} Re8 {[%clk 0:06:20]} 28. Kf2
{[%clk 0:05:30]} Nd6 {[%clk 0:05:55]} 29. Rd1 {[%clk 0:04:16]} Bc6
{[%clk 0:05:57]} 30. Bd3 {[%clk 0:03:34]} g6 {[%clk 0:06:05]} 31. h4
{[%clk 0:02:47]} h6 {[%clk 0:04:48]} 32. Bc2 {[%clk 0:02:10]} a5 33. Rg1
{[%clk 0:01:28]} Kf7 {[%clk 0:02:44]} 34. g4 {[%clk 0:01:20]} f4 {[%clk 0:02:15]}
35. h5 {[%clk 0:01:07]} gxh5 {[%clk 0:01:07]} 36. gxh5 {[%clk 0:01:36]} Rg8
{[%clk 0:01:02]} 37. Bg6+ {[%clk 0:01:56]} Ke6 {[%clk 0:00:37]} 38. Bf5+
{[%clk 0:01:41]} Nxf5 {[%clk 0:00:39]} 39. Rxg8 {[%clk 0:02:05]} Kf7
{[%clk 0:00:40]} 40. Rg6 {[%clk 0:31:42]} Nxd4 {[%clk 0:30:45]} 41. cxd4
{[%clk 0:32:03]} Be8 {[%clk 0:31:02]} 42. Rxh6 {[%clk 0:32:05]} Kg7
{[%clk 0:30:17]} 43. Rb6 {[%clk 0:32:08]} b4 {[%clk 0:30:32]} 44. h6+
{[%clk 0:32:36]} Kh7 {[%clk 0:30:56]} 45. Rd6 {[%clk 0:32:07]} Bf7
{[%clk 0:30:38]} 46. Rd7 {[%clk 0:32:19]} 1-0

[Event "European Youth Chess Championship B12"]
[Site "Prague, Top Hotel Prague"]
[Date "2012.08.18"]
[Round "2.5"]
[White "Hurdzan, Tomas"]
[Black "Mesaros, Florian"]
[Result "0-1"]
[PlyCount "0"]
[BlackElo "2045"]
[WhiteElo "1842"]

1. e4 {[%clk 1:30:56]} c5 {[%clk 1:30:54]} 2. c3 {[%clk 1:31:04]} d5
{[%clk 1:31:10]} 3. exd5 {[%clk 1:30:39]} Qxd5 {[%clk 1:31:32]} 4. d4
{[%clk 1:29:44]} Nf6 {[%clk 1:31:42]} 5. Nf3 {[%clk 1:28:42]} e6 {[%clk 1:31:50]}
6. Be2 {[%clk 1:23:03]} cxd4 {[%clk 1:31:00]} 7. Qxd4 {[%clk 1:19:07]} Nc6
{[%clk 1:27:10]} 8. Qa4 {[%clk 1:14:48]} Bc5 {[%clk 1:05:11]} 9. O-O
{[%clk 1:13:30]} Bd7 {[%clk 1:00:56]} 10. Qc2 {[%clk 1:12:27]} Qe4
{[%clk 0:52:43]} 11. Bd3 {[%clk 1:10:39]} Qg4 {[%clk 0:52:01]} 12. Nbd2
{[%clk 1:09:04]} O-O {[%clk 0:46:28]} 13. Ne4 {[%clk 1:04:55]} Nxe4
{[%clk 0:40:30]} 14. Bxe4 {[%clk 1:05:05]} Kh8 {[%clk 0:38:14]} 15. Rd1
{[%clk 0:59:32]} f5 {[%clk 0:31:45]} 16. Bxf5 {[%clk 0:51:15]} Rxf5
{[%clk 0:29:40]} 17. h3 {[%clk 0:47:08]} Qh5 {[%clk 0:26:28]} 18. g4
{[%clk 0:40:48]} Qxh3 {[%clk 0:24:04]} 19. gxf5 {[%clk 0:40:17]} Qxf3
{[%clk 0:23:40]} 20. Rxd7 {[%clk 0:39:54]} Ne5 {[%clk 0:23:00]} 21. Rd2
{[%clk 0:31:33]} Qh3 {[%clk 0:22:15]} 0-1

[Event "European Youth Chess Championship B12"]
[Site "Prague, Top Hotel Prague"]
[Date "2012.08.18"]
[Round "2.6"]
[White "Nguyen, Thai Dai Van"]
[Black "Janik, Igor"]
[Result "1-0"]
[PlyCount "0"]
[BlackElo "1818"]
[WhiteElo "2044"]

1. e4 {[%clk 1:30:55]} c5 {[%clk 1:30:38]} 2. Nf3 {[%clk 1:31:14]} d6
{[%clk 1:30:54]} 3. d4 {[%clk 1:31:33]} cxd4 {[%clk 1:30:50]} 4. Nxd4
{[%clk 1:31:48]} Nf6 {[%clk 1:31:00]} 5. Nc3 {[%clk 1:32:05]} g6 {[%clk 1:31:12]}
6. Be3 {[%clk 1:32:14]} Bg7 {[%clk 1:31:19]} 7. f3 {[%clk 1:32:21]} O-O
{[%clk 1:31:42]} 8. Qd2 {[%clk 1:32:40]} Nc6 {[%clk 1:31:53]} 9. g4
{[%clk 1:32:43]} Nxd4 {[%clk 1:31:37]} 10. Bxd4 {[%clk 1:33:02]} Qa5
{[%clk 1:26:40]} 11. O-O-O {[%clk 1:29:22]} Be6 {[%clk 1:26:59]} 12. Kb1
{[%clk 1:29:21]} Rfc8 {[%clk 1:26:41]} 13. a3 {[%clk 1:08:08]} Rab8
{[%clk 1:21:42]} 14. g5 {[%clk 0:58:26]} Nh5 {[%clk 1:20:07]} 15. Bxg7
{[%clk 0:57:57]} Kxg7 {[%clk 1:20:35]} 16. Qd4+ {[%clk 0:44:36]} Kg8
{[%clk 1:17:29]} 17. Nd5 {[%clk 0:40:09]} Bxd5 {[%clk 1:17:22]} 18. exd5
{[%clk 0:39:17]} b5 {[%clk 1:14:55]} 19. c3 {[%clk 0:37:26]} Qb6 {[%clk 1:09:28]}
20. Qxb6 {[%clk 0:34:49]} Rxb6 {[%clk 1:08:19]} 21. Rd4 {[%clk 0:32:51]} a5
{[%clk 1:06:34]} 22. Bh3 {[%clk 0:30:55]} Rc7 {[%clk 1:06:28]} 23. Re1
{[%clk 0:28:58]} Kf8 {[%clk 1:05:32]} 24. Bg4 {[%clk 0:24:29]} Ng7
{[%clk 1:04:53]} 25. Kc2 {[%clk 0:16:46]} Ne8 {[%clk 0:56:01]} 26. f4
{[%clk 0:15:04]} f5 {[%clk 0:55:25]} 27. Bf3 {[%clk 0:14:46]} b4 {[%clk 0:55:24]}
28. axb4 {[%clk 0:14:12]} axb4 {[%clk 0:55:52]} 29. c4 {[%clk 0:13:36]} Ra7
{[%clk 0:55:21]} 30. h4 {[%clk 0:12:15]} Rb8 {[%clk 0:51:20]} 31. h5
{[%clk 0:11:57]} Nc7 {[%clk 0:51:35]} 32. hxg6 {[%clk 0:12:03]} hxg6
{[%clk 0:52:03]} 33. Rd2 {[%clk 0:11:57]} Na6 {[%clk 0:51:58]} 34. Rh2
{[%clk 0:10:05]} Kg7 {[%clk 0:52:08]} 35. Reh1 {[%clk 0:10:02]} Rg8
{[%clk 0:52:21]} 36. Rh7+ {[%clk 0:10:20]} Kf8 {[%clk 0:52:49]} 37. Ra1
{[%clk 0:10:23]} Ke8 {[%clk 0:51:30]} 38. Be2 {[%clk 0:09:22]} Kd7
{[%clk 0:48:14]} 39. c5 {[%clk 0:09:13]} dxc5 {[%clk 0:47:43]} 40. Rxa6
{[%clk 0:38:35]} 1-0

[Event "European Youth Chess Championship B12"]
[Site "Prague, Top Hotel Prague"]
[Date "2012.08.18"]
[Round "2.7"]
[White "Kazantsev, Nikita"]
[Black "Lobanov, Sergei"]
[Result "0-1"]
[PlyCount "0"]
[BlackElo "2032"]
[WhiteElo "1837"]

1. e4 {[%clk 1:30:58]} c5 {[%clk 1:30:59]} 2. Nf3 {[%clk 1:31:19]} d6
{[%clk 1:31:28]} 3. d4 {[%clk 1:31:39]} cxd4 {[%clk 1:31:54]} 4. Qxd4
{[%clk 1:32:04]} Bd7 {[%clk 1:30:59]} 5. Bc4 {[%clk 1:25:37]} Nc6
{[%clk 1:29:33]} 6. Qd3 {[%clk 1:25:35]} Nf6 {[%clk 1:26:37]} 7. O-O
{[%clk 1:22:35]} g6 {[%clk 1:22:51]} 8. Qb3 {[%clk 1:11:37]} e6 {[%clk 1:21:46]}
9. Qd3 {[%clk 1:08:36]} Qc7 {[%clk 1:16:33]} 10. Bg5 {[%clk 1:01:21]} Bg7
{[%clk 1:15:51]} 11. c3 {[%clk 0:57:04]} a6 {[%clk 1:13:14]} 12. Rd1
{[%clk 0:55:55]} Na5 {[%clk 1:09:09]} 13. Bb3 {[%clk 0:52:14]} Bb5
{[%clk 1:01:03]} 14. Qe3 {[%clk 0:38:16]} Nxb3 {[%clk 0:52:50]} 15. axb3
{[%clk 0:38:09]} Bc6 {[%clk 0:50:52]} 16. Nbd2 {[%clk 0:27:06]} O-O
{[%clk 0:48:02]} 17. h3 {[%clk 0:20:04]} Rfe8 {[%clk 0:46:28]} 18. e5
{[%clk 0:17:07]} Nd5 {[%clk 0:45:01]} 19. Qe2 {[%clk 0:13:25]} dxe5
{[%clk 0:44:55]} 20. Nc4 {[%clk 0:08:18]} Nf4 {[%clk 0:38:17]} 21. Qe3
{[%clk 0:07:14]} h6 {[%clk 0:36:27]} 22. Bh4 {[%clk 0:06:00]} f6 {[%clk 0:26:19]}
23. Bg3 {[%clk 0:05:19]} h5 {[%clk 0:21:41]} 24. Nd6 {[%clk 0:02:48]} Red8
{[%clk 0:18:56]} 25. Bxf4 {[%clk 0:03:08]} Rxd6 {[%clk 0:19:15]} 26. Bh6
{[%clk 0:02:59]} Rad8 {[%clk 0:18:07]} 27. Rxd6 {[%clk 0:02:56]} Qxd6
{[%clk 0:18:16]} 28. Bxg7 {[%clk 0:02:06]} Kxg7 {[%clk 0:18:28]} 29. Ne1
{[%clk 0:01:13]} Qd2 {[%clk 0:17:12]} 30. Qc5 {[%clk 0:01:26]} Rd7
{[%clk 0:16:59]} 31. Qa3 {[%clk 0:00:35]} Qe2 {[%clk 0:15:52]} 32. Qb4
{[%clk 0:00:33]} Kf7 {[%clk 0:15:02]} 33. Qa3 {[%clk 0:00:37]} Rd1
{[%clk 0:11:44]} 34. Rxd1 {[%clk 0:00:41]} Qxd1 {[%clk 0:12:13]} 35. Kf1
{[%clk 0:01:08]} Be4 {[%clk 0:12:24]} 36. Qc5 {[%clk 0:00:33]} Bd3+
{[%clk 0:12:02]} 37. Kg1 {[%clk 0:01:00]} Qxe1+ {[%clk 0:12:25]} 38. Kh2
{[%clk 0:01:28]} Qe4 {[%clk 0:09:51]} 39. Qc7+ {[%clk 0:01:24]} Kg8
{[%clk 0:10:11]} 40. f3 {[%clk 0:31:23]} Qf4+ {[%clk 0:40:23]} 41. Kg1
{[%clk 0:30:48]} Qe3+ {[%clk 0:38:47]} 42. Kh2 {[%clk 0:31:06]} h4
{[%clk 0:21:55]} 43. Qxb7 {[%clk 0:29:49]} Bf1 {[%clk 0:20:44]} 0-1

[Event "European Youth Chess Championship B12"]
[Site "Prague, Top Hotel Prague"]
[Date "2012.08.18"]
[Round "2.8"]
[White "Martirosyan, Haik M"]
[Black "Sandu, Marian-Catalin"]
[Result "1-0"]
[PlyCount "0"]
[BlackElo "1815"]
[WhiteElo "2019"]

1. d4 {[%clk 1:30:56]} Nf6 {[%clk 1:30:50]} 2. c4 {[%clk 1:31:11]} e5
{[%clk 1:31:06]} 3. dxe5 {[%clk 1:31:11]} Ng4 {[%clk 1:31:29]} 4. Bf4
{[%clk 1:30:47]} Nc6 {[%clk 1:31:42]} 5. Nf3 {[%clk 1:30:41]} Bb4+
{[%clk 1:31:21]} 6. Nc3 {[%clk 1:30:21]} Bxc3+ {[%clk 1:30:10]} 7. bxc3
{[%clk 1:30:02]} Qe7 {[%clk 1:30:15]} 8. Qd5 {[%clk 1:29:24]} f6 {[%clk 1:24:30]}
9. exf6 {[%clk 1:25:50]} Nxf6 {[%clk 1:24:47]} 10. Qd3 {[%clk 1:23:42]} d6
{[%clk 1:21:53]} 11. g3 {[%clk 1:22:01]} Be6 {[%clk 1:02:00]} 12. Bg2
{[%clk 1:20:19]} O-O-O {[%clk 0:57:24]} 13. O-O {[%clk 1:18:41]} Ne5
{[%clk 0:43:44]} 14. Bxe5 {[%clk 1:15:25]} dxe5 {[%clk 0:40:05]} 15. Qe3
{[%clk 1:15:49]} Bxc4 {[%clk 0:34:56]} 16. Qxa7 {[%clk 1:15:40]} e4
{[%clk 0:22:45]} 17. Nd4 {[%clk 1:15:11]} Be6 {[%clk 0:12:36]} 18. Rab1
{[%clk 1:12:50]} Nd5 {[%clk 0:06:26]} 19. Qxb7+ {[%clk 1:13:01]} Kd7
{[%clk 0:06:36]} 20. Qc6+ {[%clk 1:12:56]} 1-0

[Event "European Youth Chess Championship B12"]
[Site "Prague, Top Hotel Prague"]
[Date "2012.08.18"]
[Round "2.9"]
[White "Hakobyan, Aram"]
[Black "Yurovskich, Oleksandr"]
[Result "1-0"]
[PlyCount "0"]
[BlackElo "2012"]
[WhiteElo "1833"]

1. d4 {[%clk 1:30:52]} d5 {[%clk 1:30:48]} 2. Nf3 {[%clk 1:31:14]} Nf6
{[%clk 1:30:46]} 3. c4 {[%clk 1:31:37]} c6 {[%clk 1:30:54]} 4. e3
{[%clk 1:32:02]} e6 {[%clk 1:30:23]} 5. Nc3 {[%clk 1:32:26]} Nbd7
{[%clk 1:30:40]} 6. Bd3 {[%clk 1:32:44]} dxc4 {[%clk 1:30:57]} 7. Bxc4
{[%clk 1:33:09]} b5 {[%clk 1:31:21]} 8. Bd3 {[%clk 1:33:32]} b4 {[%clk 1:31:41]}
9. Ne4 {[%clk 1:32:54]} Bb7 {[%clk 1:30:54]} 10. O-O {[%clk 1:32:21]} Nxe4
{[%clk 1:28:08]} 11. Bxe4 {[%clk 1:32:44]} Qb6 {[%clk 1:28:00]} 12. b3
{[%clk 1:21:05]} Be7 {[%clk 1:26:16]} 13. Bb2 {[%clk 1:21:13]} O-O
{[%clk 1:25:48]} 14. Nd2 {[%clk 1:11:29]} Rfd8 {[%clk 1:20:02]} 15. Nc4
{[%clk 0:58:40]} Qc7 {[%clk 1:20:20]} 16. Rc1 {[%clk 0:50:54]} Rac8
{[%clk 1:03:26]} 17. Qc2 {[%clk 0:41:04]} h6 {[%clk 0:59:26]} 18. Rfd1
{[%clk 0:39:23]} Nf6 {[%clk 0:46:58]} 19. Bf3 {[%clk 0:36:19]} c5
{[%clk 0:42:44]} 20. Bxb7 {[%clk 0:35:59]} Qxb7 {[%clk 0:43:04]} 21. dxc5
{[%clk 0:35:39]} Rxd1+ {[%clk 0:35:14]} 22. Rxd1 {[%clk 0:32:22]} Nd7
{[%clk 0:32:17]} 23. Qe2 {[%clk 0:21:22]} Rxc5 {[%clk 0:27:18]} 24. Bd4
{[%clk 0:21:10]} Rg5 {[%clk 0:16:45]} 25. e4 {[%clk 0:19:37]} Bc5
{[%clk 0:15:18]} 26. h4 {[%clk 0:18:29]} Rg6 {[%clk 0:15:00]} 27. Bxc5
{[%clk 0:15:24]} Nxc5 {[%clk 0:15:25]} 28. h5 {[%clk 0:12:19]} Rg5
{[%clk 0:13:40]} 29. Nd6 {[%clk 0:10:47]} Qa6 {[%clk 0:11:57]} 30. Qf3
{[%clk 0:08:07]} Qxa2 {[%clk 0:11:33]} 31. Nxf7 {[%clk 0:07:35]} Kh7
{[%clk 0:04:56]} 32. Nxg5+ {[%clk 0:07:34]} hxg5 {[%clk 0:05:21]} 33. Qf7
{[%clk 0:07:43]} Qa5 {[%clk 0:05:25]} 34. Qg6+ {[%clk 0:07:52]} Kh8
{[%clk 0:05:42]} 35. h6 {[%clk 0:08:07]} gxh6 {[%clk 0:05:52]} 36. Qf6+
{[%clk 0:08:06]} Kh7 {[%clk 0:06:09]} 37. Rd8 {[%clk 0:08:18]} Qxd8
{[%clk 0:06:17]} 38. Qxd8 {[%clk 0:08:43]} Nxb3 {[%clk 0:06:41]} 39. Qe7+
{[%clk 0:09:08]} Kh8 {[%clk 0:07:02]} 40. Qxb4 {[%clk 0:39:32]} 1-0

[Event "European Youth Chess Championship B12"]
[Site "Prague, Top Hotel Prague"]
[Date "2012.08.18"]
[Round "2.10"]
[White "Costachi, Mihnea"]
[Black "Radovanovic, Mihajlo"]
[Result "1-0"]
[PlyCount "0"]
[BlackElo "1806"]
[WhiteElo "1972"]

1. d4 {[%clk 1:30:45]} d5 {[%clk 1:30:41]} 2. c4 {[%clk 1:31:10]} c6
{[%clk 1:30:59]} 3. Nc3 {[%clk 1:31:36]} Nf6 {[%clk 1:31:15]} 4. Nf3
{[%clk 1:31:57]} dxc4 {[%clk 1:31:17]} 5. a4 {[%clk 1:31:46]} Bg4
{[%clk 1:31:19]} 6. e3 {[%clk 1:28:54]} e5 {[%clk 1:30:53]} 7. dxe5
{[%clk 1:13:50]} Qxd1+ {[%clk 1:30:32]} 8. Nxd1 {[%clk 1:13:37]} Nfd7
{[%clk 1:30:14]} 9. Bxc4 {[%clk 1:12:00]} Bb4+ {[%clk 1:30:05]} 10. Nc3
{[%clk 1:08:20]} Bxf3 {[%clk 1:28:22]} 11. gxf3 {[%clk 1:08:15]} Nxe5
{[%clk 1:28:39]} 12. Be2 {[%clk 1:08:35]} a5 {[%clk 0:51:52]} 13. Kd2
{[%clk 1:03:07]} Na6 {[%clk 0:38:33]} 14. Kc2 {[%clk 0:57:17]} O-O-O
{[%clk 0:31:43]} 15. f4 {[%clk 0:53:04]} Nd7 {[%clk 0:29:32]} 16. Bxa6
{[%clk 0:46:51]} bxa6 {[%clk 0:29:41]} 17. e4 {[%clk 0:44:49]} Nc5
{[%clk 0:22:16]} 18. Be3 {[%clk 0:41:54]} Rd7 {[%clk 0:17:15]} 19. Rad1
{[%clk 0:32:08]} Rhd8 {[%clk 0:15:57]} 20. Rxd7 {[%clk 0:30:43]} Rxd7
{[%clk 0:16:17]} 21. f3 {[%clk 0:30:20]} Kc7 {[%clk 0:14:49]} 22. f5
{[%clk 0:29:27]} f6 {[%clk 0:13:54]} 23. h4 {[%clk 0:26:22]} Nb7 {[%clk 0:12:03]}
24. h5 {[%clk 0:23:01]} h6 {[%clk 0:12:06]} 25. Ne2 {[%clk 0:22:51]} Bc5
{[%clk 0:09:02]} 26. Bc1 {[%clk 0:19:35]} Bd6 {[%clk 0:08:07]} 27. b3
{[%clk 0:13:06]} c5 {[%clk 0:05:47]} 28. Nc3 {[%clk 0:10:39]} Be5
{[%clk 0:06:13]} 29. Nd5+ {[%clk 0:10:54]} Rxd5 {[%clk 0:06:35]} 30. exd5
{[%clk 0:11:13]} Nd6 {[%clk 0:06:45]} 31. Bd2 {[%clk 0:09:44]} Nxf5
{[%clk 0:06:44]} 32. Bxa5+ {[%clk 0:09:53]} Kd6 {[%clk 0:06:57]} 33. Bc3
{[%clk 0:09:42]} Bxc3 {[%clk 0:04:03]} 34. Kxc3 {[%clk 0:10:04]} Kxd5
{[%clk 0:04:13]} 35. Rg1 {[%clk 0:10:01]} a5 36. Kd3 {[%clk 0:09:36]} Nd4
{[%clk 0:03:10]} 37. Rxg7 {[%clk 0:09:34]} Nxf3 {[%clk 0:03:12]} 38. Ra7
{[%clk 0:08:45]} Nd4 {[%clk 0:02:45]} 39. Rxa5 {[%clk 0:04:20]} Nxb3
{[%clk 0:02:18]} 40. Ra7 {[%clk 0:33:14]} c4+ {[%clk 0:31:48]} 41. Kc3
{[%clk 0:33:17]} Nc5 {[%clk 0:25:46]} 42. Ra5 {[%clk 0:31:17]} Kc6
{[%clk 0:23:01]} 43. Kxc4 {[%clk 0:31:09]} Ne4 {[%clk 0:23:00]} 44. Kd4
{[%clk 0:28:13]} Ng3 {[%clk 0:21:02]} 45. Rb5 {[%clk 0:25:34]} f5
{[%clk 0:19:51]} 46. Rb1 {[%clk 0:25:11]} f4 {[%clk 0:18:58]} 47. a5
{[%clk 0:24:35]} Ne2+ {[%clk 0:16:33]} 48. Kd3 {[%clk 0:24:52]} f3
{[%clk 0:16:28]} 49. a6 {[%clk 0:24:47]} Nf4+ {[%clk 0:16:47]} 50. Ke4
{[%clk 0:24:19]} Nd5 {[%clk 0:16:17]} 51. a7 {[%clk 0:24:21]} 1-0